Los filósofos del Renacimiento (Record no. 172061)
[ view plain ]
| 000 -LEADER | |
|---|---|
| campo de control de longitud fija | 00777nam a2200229 i 4500 |
| 001 - NÚMERO DE CONTROL | |
| campo de control | 172061 |
| 003 - IDENTIFICADOR DE NÚMERO DE CONTROL | |
| campo de control | ES-MaACL |
| 005 - FECHA Y HORA DE LA ÚLTIMA TRANSACCIÓN | |
| campo de control | 20250808062824.0 |
| 008 - DATOS DE LONGITUD FIJA--INFORMACIÓN GENERAL | |
| campo de control de longitud fija | 090612s1990 sp |||| | spa d |
| 017 ## - NÚMERO DE COPYRIGHT O DE DEPÓSITO LEGAL | |
| Número de copyright o de depósito legal | M 9373-1990 |
| 020 ## - NÚMERO INTERNACIONAL ESTÁNDAR DEL LIBRO | |
| Número Internacional Estándar del Libro | 84-220-1361-4 |
| 245 04 - MENCIÓN DEL TÍTULO | |
| Título | Los filósofos del Renacimiento |
| Resto del título | : selección de textos / |
| Mención de responsabilidad, etc. | por Clemente Fernández. |
| 260 ## - PUBLICACIÓN, DISTRIBUCIÓN, ETC. | |
| Lugar de publicación, distribución, etc. | Madrid : |
| Nombre del editor, distribuidor, etc. | Biblioteca de Autores Cristianos, |
| Fecha de publicación, distribución, etc. | 1990. |
| 300 ## - DESCRIPCIÓN FÍSICA | |
| Extensión | XIII, 627 p., 1 h. ; |
| Dimensiones | 20 cm. |
| 490 1# - MENCIÓN DE SERIE | |
| Mención de serie | Biblioteca de autores cristianos ; |
| Designación de volumen o secuencia | 506 |
| 500 ## - NOTA GENERAL | |
| Nota general | Índices. |
| 504 ## - NOTA DE BIBLIOGRAFÍA, ETC. | |
| Nota de bibliografía, etc. | Incluye información bibliográfica. |
| 700 0# - ENTRADA AGREGADA--NOMBRE PERSONAL | |
| Nombre de persona | Fernández, Clemente |
| Títulos y otros términos asociados al nombre | , (S.I.) |
| 9 (RLIN) | 49347 |
| 830 00 - PUNTO DE ACCESO ADICIONAL DE SERIE-TÍTULO UNIFORME | |
| Título uniforme | Biblioteca de autores cristianos |
| Designación de volumen o secuencia | 506 |
| 9 (RLIN) | 178679 |
| 852 ## - LOCALIZACIÓN | |
| Ubicación | ES-MaACL |
| Número de control de estantería | J-493 |
| itemnumber | R.46092 |
| Estatus retirado | Estado de pérdida | Estado de daño | No para préstamo | Biblioteca de origen | Biblioteca actual | Ubicación en estantería | Fecha de adquisición | Fuente de adquisición | Total de préstamos | Signatura topográfica completa | Código de barras | Visto por última vez | Precio de reemplazo | Tipo de ítem Koha |
|---|---|---|---|---|---|---|---|---|---|---|---|---|---|---|
| Biblioteca del Ateneo de Madrid | Biblioteca del Ateneo de Madrid | Depósito 2 | 12/06/2009 | J-493 | 1180567 | 23/02/2023 | 23/02/2023 | Libro impreso |
